Zhromaždenie základných interných technických problémov na oddelení IT podpory audítorskej firmy s implementáciou do databázy, analýzou a návrhmi riešení bakalárska práca

Enregistré dans:
Détails bibliographiques
Auteur principal: Kojdová, Lucia
Collectivité auteur: Fakulta hospodárskej informatiky EU. Katedra aplikovanej informatiky
Autres auteurs: Jurík, Pavol, 1987-
Format: Livre
Langue:slovaque
Publié: Bratislava 2025
Tags: Ajouter un tag
Pas de tags, Soyez le premier à ajouter un tag!

MARC

LEADER 00000nbm a2200000 4500
001 0310494
005 20260318083502.8
041 0 |a slo 
044 |a SK 
245 1 0 |a Zhromaždenie základných interných technických problémov na oddelení IT podpory audítorskej firmy s implementáciou do databázy, analýzou a návrhmi riešení  |b bakalárska práca  |c Lucia Kojdová ; školiteľ: Pavol Jurík 
264 1 |a Bratislava  |c 2025 
300 |a 69 s. 
100 1 |a Kojdová, Lucia 
700 1 |a Jurík, Pavol, 1987- 
710 2 |a Fakulta hospodárskej informatiky EU. Katedra aplikovanej informatiky